Correctly Spelled Words - Sudden Death - Statistics

General Stats
  • This quiz has been taken 38 times
  • The average score is 8 of 15
Answers on the Grid
Answers color-coded by a green-red scale on the quiz's grid according to % correct below.
Tomorrow
Dispersing
Believe
Asterisk
Pneumonia
Knowledge
Illegible
Separate
Accommodate
Definitely
Embarrass
Intelligent
Technically
Exhilarate
Ruthful
Tommorow
Disperrsing
Beilieve
Asterisck
Neumonia
Knowlledge
Ilegible
Seperate
Accomodate
Difinetly
Embarass
Intteligient
Technicaly
Exilerate
Ruthfull
 
Answer Stats
Answer % Correct
Asterisk
67%
Believe
67%
Knowledge
67%
Technically
67%
Tomorrow
67%
Definitely
63%
Intelligent
59%
Illegible
56%
Dispersing
52%
Exhilarate
48%
Pneumonia
48%
Accommodate
41%
Embarrass
41%
Separate
41%
Ruthful
37%
No matching quizzes found
Score Distribution
Percent of People with Each Score
Percentile by Number Answered
Your Score History
You have not taken this quiz